[Event "DVM U10 2023"]
[Site "Magdeburg GER"]
[Date "2023.12.28"]
[Round "5"]
[White "Rung, Sjard Joris"]
[Black "Hausberg, Thomas"]
[Result "1-0"]
[Termination "normal"]
[Board "5.4"]
[WhiteElo "1012"]
[BlackElo "1063"]
[WhiteClock "00:49:13"]
[BlackClock "00:50:41"]
[WhiteTeam "Barnimer SF im SV Stahl Finow"]
[BlackTeam "SK Weisse Dame Hamburg"]
[PlyCount "41"]
[WhiteFideId "34689818"]
[EventCountry "GER"]
[EventRounds "7"]
[EventType "team-swiss"]
[EventDate "2023.12.27"]

1. e4 {[%clk 00:55:07]} {[%emt 00:00:02]} e5 {[%clk 00:55:04]} {[%emt
00:00:07]} 2. Nf3 {[%clk 00:55:07]} {[%emt 00:00:05]} Nc6 {[%clk 00:54:59]}
{[%emt 00:00:10]} 3. Bc4 {[%clk 00:55:07]} {[%emt 00:00:05]} Bc5 {[%clk
00:54:59]} {[%emt 00:00:05]} 4. d3 {[%clk 00:55:05]} {[%emt 00:00:08]} Nf6
{[%clk 00:54:49]} {[%emt 00:00:14]} 5. Nc3 {[%clk 00:54:56]} {[%emt 00:00:13]}
a6 {[%clk 00:54:45]} {[%emt 00:00:10]} 6. Be3 {[%clk 00:54:38]} {[%emt
00:00:23]} Bb6 {[%clk 00:54:42]} {[%emt 00:00:08]} 7. Qd2 {[%clk 00:54:27]}
{[%emt 00:00:15]} d6 {[%clk 00:54:42]} {[%emt 00:00:06]} 8. h3 {[%clk
00:54:18]} {[%emt 00:00:14]} O-O {[%clk 00:54:39]} {[%emt 00:00:07]} 9. Bg5
{[%clk 00:54:15]} {[%emt 00:00:08]} Be6 {[%clk 00:54:04]} {[%emt 00:00:41]} 10.
Nd5 {[%clk 00:54:10]} {[%emt 00:00:10]} Bxd5 {[%clk 00:53:53]} {[%emt
00:00:13]} 11. Bxd5 {[%clk 00:53:54]} {[%emt 00:00:24]} Bd4 {[%clk 00:53:12]}
{[%emt 00:00:46]} 12. c3 {[%clk 00:53:32]} {[%emt 00:00:28]} Bb6 {[%emt
00:00:15]} 13. O-O-O {[%emt 00:00:31]} Ba7 {[%clk 00:52:14]} {[%emt 00:00:15]}
14. d4 {[%clk 00:53:24]} {[%emt 00:00:14]} exd4 {[%clk 00:52:07]} {[%emt
00:00:11]} 15. Nxd4 {[%clk 00:53:17]} {[%emt 00:00:13]} Nxd4 {[%clk 00:51:54]}
{[%emt 00:00:17]} 16. cxd4 {[%clk 00:52:10]} {[%emt 00:01:12]} c6 {[%clk
00:51:49]} {[%emt 00:00:11]} 17. Bb3 {[%clk 00:52:01]} {[%emt 00:00:14]} b5
{[%clk 00:51:33]} {[%emt 00:00:21]} 18. e5 {[%clk 00:51:45]} {[%emt 00:00:21]}
h6 {[%clk 00:50:50]} {[%emt 00:00:45]} 19. Bxf6 {[%clk 00:50:23]} {[%emt
00:01:30]} gxf6 {[%clk 00:50:44]} {[%emt 00:00:11]} 20. Qxh6 {[%clk 00:49:41]}
{[%emt 00:00:46]} Re8 {[%clk 00:50:41]} {[%emt 00:00:08]} 21. exf6 {[%clk
00:49:13]} {[%emt 00:00:34]} 1-0

[Event "DVM U10 2023"]
[Site "Magdeburg GER"]
[Date "2023.12.28"]
[Round "5"]
[White "Heins, Simon"]
[Black "Sun, Christopher"]
[Result "0-1"]
[Termination "normal"]
[Board "6.1"]
[WhiteElo "1377"]
[BlackElo "1417"]
[WhiteClock "00:46:09"]
[BlackClock "00:27:59"]
[WhiteTeam "Hamburger SK 1830"]
[BlackTeam "Karlsruher SF 1853"]
[PlyCount "44"]
[WhiteFideId "34660194"]
[BlackFideId "34630368"]
[EventCountry "GER"]
[EventRounds "7"]
[EventType "team-swiss"]
[EventDate "2023.12.27"]

1. e4 {[%clk 00:55:05]} {[%emt 00:00:04]} e6 {[%clk 00:55:08]} {[%emt
00:00:03]} 2. b3 {[%clk 00:54:58]} {[%emt 00:00:12]} d5 {[%clk 00:54:57]}
{[%emt 00:00:16]} 3. Bb2 {[%clk 00:54:49]} {[%emt 00:00:13]} c5 {[%clk
00:53:59]} {[%emt 00:01:04]} 4. Bb5+ {[%clk 00:54:27]} {[%emt 00:00:27]} Bd7
{[%clk 00:53:18]} {[%emt 00:00:46]} 5. Bxd7+ {[%clk 00:54:25]} {[%emt
00:00:06]} Qxd7 {[%clk 00:53:10]} {[%emt 00:00:13]} 6. Nc3 {[%clk 00:54:12]}
{[%emt 00:00:18]} d4 {[%clk 00:52:40]} {[%emt 00:00:35]} 7. Nce2 {[%clk
00:54:02]} {[%emt 00:00:15]} Nc6 {[%clk 00:51:57]} {[%emt 00:00:49]} 8. d3
{[%clk 00:53:59]} {[%emt 00:00:08]} g6 {[%clk 00:50:48]} {[%emt 00:01:13]} 9.
Qd2 {[%clk 00:53:55]} {[%emt 00:00:09]} Bg7 {[%clk 00:50:38]} {[%emt 00:00:15]}
10. f4 {[%emt 00:00:55]} Nf6 {[%clk 00:49:55]} {[%emt 00:00:02]} 11. h3 {[%clk
00:53:49]} {[%emt 00:00:07]} O-O {[%clk 00:47:21]} {[%emt 00:02:40]} 12. Nf3
{[%clk 00:53:44]} {[%emt 00:00:09]} Rfd8 {[%clk 00:43:49]} {[%emt 00:03:37]}
13. O-O-O {[%clk 00:52:46]} {[%emt 00:01:03]} b5 {[%clk 00:42:45]} {[%emt
00:01:09]} 14. g4 {[%clk 00:52:26]} {[%emt 00:00:25]} a5 {[%clk 00:41:51]}
{[%emt 00:01:00]} 15. Ng3 {[%clk 00:51:45]} {[%emt 00:00:46]} a4 {[%clk
00:40:32]} {[%emt 00:01:24]} 16. f5 {[%clk 00:50:24]} {[%emt 00:01:26]} axb3
{[%clk 00:36:30]} {[%emt 00:04:07]} 17. axb3 {[%clk 00:49:44]} {[%emt
00:00:44]} Ra2 {[%clk 00:31:58]} {[%emt 00:04:37]} 18. g5 {[%clk 00:48:26]}
{[%emt 00:01:22]} Qa7 {[%clk 00:30:47]} {[%emt 00:01:17]} 19. Qf2 {[%clk
00:47:42]} {[%emt 00:00:47]} Ra8 {[%clk 00:28:22]} {[%emt 00:02:33]} 20. gxf6
{[%clk 00:47:02]} {[%emt 00:00:44]} Bh6+ {[%clk 00:27:59]} {[%emt 00:00:28]}
21. Rd2 {[%clk 00:46:09]} {[%emt 00:00:58]} Ra1+ {[%clk 00:27:58]} {[%emt
00:00:07]} 22. Bxa1 {[%clk 00:46:09]} {[%emt 00:00:05]} Qxa1# {[%clk 00:27:59]}
{[%emt 00:00:04]} 0-1

[Event "DVM U10 2023"]
[Site "Magdeburg GER"]
[Date "2023.12.28"]
[Round "5"]
[White "Liu, Kairui"]
[Black "Marx, Jakob"]
[Result "1-0"]
[Termination "normal"]
[Board "6.2"]
[WhiteElo "1192"]
[BlackElo "1459"]
[WhiteClock "00:39:12"]
[BlackClock "00:42:46"]
[WhiteTeam "Karlsruher SF 1853"]
[BlackTeam "Hamburger SK 1830"]
[PlyCount "52"]
[WhiteFideId "34660534"]
[BlackFideId "34642722"]
[EventCountry "GER"]
[EventRounds "7"]
[EventType "team-swiss"]
[EventDate "2023.12.27"]

1. e4 {[%clk 00:55:07]} {[%emt 00:00:02]} e5 {[%clk 00:55:04]} {[%emt
00:00:07]} 2. Nf3 {[%clk 00:55:05]} {[%emt 00:00:06]} Nc6 {[%clk 00:55:05]}
{[%emt 00:00:05]} 3. Bc4 {[%clk 00:55:04]} {[%emt 00:00:06]} Bc5 {[%clk
00:55:03]} {[%emt 00:00:07]} 4. c3 {[%clk 00:54:59]} {[%emt 00:00:09]} Nf6
{[%clk 00:54:57]} {[%emt 00:00:11]} 5. d4 {[%clk 00:54:49]} {[%emt 00:00:16]}
exd4 {[%clk 00:54:53]} {[%emt 00:00:07]} 6. cxd4 {[%clk 00:54:22]} {[%emt
00:00:33]} Bb4+ {[%clk 00:54:52]} {[%emt 00:00:06]} 7. Bd2 {[%clk 00:54:22]}
{[%emt 00:00:05]} Bxd2+ {[%clk 00:54:34]} {[%emt 00:00:23]} 8. Nbxd2 {[%clk
00:54:16]} {[%emt 00:00:10]} d5 {[%clk 00:54:27]} {[%emt 00:00:12]} 9. exd5
{[%clk 00:54:05]} {[%emt 00:00:17]} Nxd5 {[%clk 00:54:11]} {[%emt 00:00:22]}
10. O-O {[%clk 00:53:55]} {[%emt 00:00:15]} O-O {[%clk 00:54:05]} {[%emt
00:00:10]} 11. Re1 {[%clk 00:53:05]} {[%emt 00:00:55]} Bg4 {[%clk 00:53:14]}
{[%emt 00:00:56]} 12. h3 {[%clk 00:52:29]} {[%emt 00:00:41]} Bh5 {[%clk
00:53:01]} {[%emt 00:00:18]} 13. Rc1 {[%clk 00:51:01]} {[%emt 00:01:34]} Nb6
{[%clk 00:52:09]} {[%emt 00:00:56]} 14. Be2 {[%clk 00:49:12]} {[%emt 00:01:55]}
Bg6 {[%clk 00:50:15]} {[%emt 00:01:58]} 15. Nb3 {[%clk 00:48:22]} {[%emt
00:00:55]} a5 {[%clk 00:49:28]} {[%emt 00:00:53]} 16. Nc5 {[%clk 00:47:17]}
{[%emt 00:01:09]} Qd5 {[%clk 00:48:39]} {[%emt 00:00:54]} 17. Nxb7 {[%clk
00:46:50]} {[%emt 00:00:32]} Nxd4 {[%clk 00:48:01]} {[%emt 00:00:43]} 18. Nxd4
{[%clk 00:46:25]} {[%emt 00:00:31]} Qxb7 {[%clk 00:47:55]} {[%emt 00:00:10]}
19. Bf3 {[%clk 00:46:13]} {[%emt 00:00:17]} Nd5 {[%clk 00:47:32]} {[%emt
00:00:28]} 20. Nb3 {[%clk 00:45:30]} {[%emt 00:00:49]} Rfd8 {[%clk 00:47:09]}
{[%emt 00:00:28]} 21. Rc5 {[%clk 00:44:33]} {[%emt 00:01:02]} c6 {[%clk
00:46:46]} {[%emt 00:00:21]} 22. Qc1 {[%clk 00:41:51]} {[%emt 00:02:53]} Ra6
{[%clk 00:45:08]} {[%emt 00:01:43]} 23. Bxd5 {[%clk 00:40:44]} {[%emt
00:01:13]} cxd5 {[%clk 00:45:01]} {[%emt 00:00:11]} 24. Rc7 {[%clk 00:40:20]}
{[%emt 00:00:28]} Qb4 {[%clk 00:43:32]} {[%emt 00:01:35]} 25. Rc8 {[%clk
00:39:40]} {[%emt 00:00:45]} Rad6 {[%clk 00:42:51]} {[%emt 00:00:46]} 26. Re8+
{[%clk 00:39:12]} {[%emt 00:00:34]} Rxe8 {[%clk 00:42:46]} {[%emt 00:00:10]}
1-0

[Event "DVM U10 2023"]
[Site "Magdeburg GER"]
[Date "2023.12.28"]
[Round "5"]
[White "Winklmann, Alexander"]
[Black "Tomovski, Leon"]
[Result "0-1"]
[Termination "normal"]
[Board "6.3"]
[WhiteElo "917"]
[BlackElo "1066"]
[WhiteClock "00:13:24"]
[BlackClock "00:40:10"]
[WhiteTeam "Hamburger SK 1830"]
[BlackTeam "Karlsruher SF 1853"]
[PlyCount "126"]
[BlackFideId "34691790"]
[EventCountry "GER"]
[EventRounds "7"]
[EventType "team-swiss"]
[EventDate "2023.12.27"]

1. e4 {[%clk 00:55:09]} e5 {[%clk 00:55:06]} {[%emt 00:00:05]} 2. Nf3 {[%clk
00:55:06]} {[%emt 00:00:06]} Nc6 {[%emt 00:00:07]} 3. Bc4 {[%clk 00:54:58]}
{[%emt 00:00:11]} Nf6 {[%clk 00:55:03]} {[%emt 00:00:08]} 4. d3 {[%clk
00:51:49]} {[%emt 00:03:14]} Bc5 {[%clk 00:54:57]} {[%emt 00:00:12]} 5. Bg5
{[%clk 00:51:00]} {[%emt 00:00:54]} h6 {[%clk 00:54:42]} {[%emt 00:00:21]} 6.
Bh4 {[%clk 00:50:52]} {[%emt 00:00:12]} d6 {[%clk 00:54:31]} {[%emt 00:00:16]}
7. h3 {[%clk 00:50:40]} {[%emt 00:00:16]} Be6 {[%clk 00:54:13]} {[%emt
00:00:24]} 8. Bb3 {[%clk 00:50:22]} {[%emt 00:00:22]} a5 {[%clk 00:54:05]}
{[%emt 00:00:14]} 9. Nc3 {[%clk 00:49:54]} {[%emt 00:00:33]} O-O {[%clk
00:53:34]} {[%emt 00:00:36]} 10. O-O {[%clk 00:49:17]} {[%emt 00:00:43]} Bd4
{[%clk 00:52:30]} {[%emt 00:01:08]} 11. Nxd4 {[%clk 00:48:25]} {[%emt
00:00:55]} Nxd4 {[%clk 00:52:29]} {[%emt 00:00:07]} 12. Bd5 {[%clk 00:47:09]}
{[%emt 00:01:17]} c6 {[%clk 00:52:12]} {[%emt 00:00:27]} 13. Bxe6 {[%clk
00:45:58]} {[%emt 00:01:15]} fxe6 {[%clk 00:51:59]} {[%emt 00:00:19]} 14. Ne2
{[%clk 00:44:55]} {[%emt 00:01:07]} Qb6 {[%clk 00:51:23]} {[%emt 00:00:41]} 15.
c3 {[%clk 00:43:41]} {[%emt 00:01:18]} Nb5 {[%clk 00:50:59]} {[%emt 00:00:31]}
16. Qb3 {[%clk 00:42:52]} {[%emt 00:00:54]} a4 {[%clk 00:50:40]} {[%emt
00:00:24]} 17. Qc2 {[%clk 00:42:26]} {[%emt 00:00:28]} Nc7 {[%clk 00:50:29]}
{[%emt 00:00:19]} 18. Rad1 {[%clk 00:41:22]} {[%emt 00:01:08]} d5 {[%clk
00:50:05]} {[%emt 00:00:30]} 19. exd5 {[%clk 00:39:38]} {[%emt 00:01:49]} exd5
{[%clk 00:49:47]} {[%emt 00:00:24]} 20. d4 {[%clk 00:39:18]} {[%emt 00:00:23]}
e4 {[%clk 00:49:15]} {[%emt 00:00:38]} 21. c4 {[%clk 00:37:56]} {[%emt
00:01:27]} Rad8 {[%clk 00:48:19]} {[%emt 00:01:00]} 22. c5 {[%clk 00:37:30]}
{[%emt 00:00:32]} Qb4 {[%clk 00:47:39]} {[%emt 00:00:44]} 23. Qc3 {[%clk
00:36:20]} {[%emt 00:01:16]} Qc4 {[%clk 00:47:10]} {[%emt 00:00:34]} 24. Qxc4
{[%clk 00:36:00]} {[%emt 00:00:25]} dxc4 {[%clk 00:47:07]} {[%emt 00:00:09]}
25. Nc3 {[%clk 00:35:29]} {[%emt 00:00:33]} Ra8 {[%clk 00:46:55]} {[%emt
00:00:16]} 26. Bxf6 {[%clk 00:34:46]} {[%emt 00:00:50]} Rxf6 {[%clk 00:46:40]}
{[%emt 00:00:21]} 27. Nxe4 {[%clk 00:34:29]} {[%emt 00:00:22]} Re6 {[%clk
00:46:17]} {[%emt 00:00:27]} 28. Rfe1 {[%clk 00:33:52]} {[%emt 00:00:42]} Rd8
{[%clk 00:46:11]} {[%emt 00:00:11]} 29. Nd6 {[%clk 00:33:12]} {[%emt 00:00:45]}
Rxe1+ {[%clk 00:45:40]} {[%emt 00:00:37]} 30. Rxe1 {[%clk 00:33:10]} {[%emt
00:00:07]} Rb8 {[%clk 00:44:31]} {[%emt 00:01:14]} 31. Re7 {[%clk 00:32:03]}
{[%emt 00:01:12]} Nd5 {[%clk 00:44:06]} {[%emt 00:00:30]} 32. Rxb7 {[%emt
00:00:38]} Rxb7 33. Nxb7 {[%emt 00:00:15]} c3 {[%clk 00:44:01]} {[%emt
00:00:09]} 34. bxc3 {[%clk 00:31:00]} {[%emt 00:00:20]} Nxc3 {[%clk 00:43:56]}
{[%emt 00:00:09]} 35. a3 {[%clk 00:30:52]} {[%emt 00:00:13]} Ne2+ {[%clk
00:43:22]} {[%emt 00:00:40]} 36. Kf1 {[%clk 00:30:00]} {[%emt 00:00:55]} Nxd4
{[%clk 00:43:15]} {[%emt 00:00:15]} 37. Na5 {[%clk 00:29:14]} {[%emt 00:00:50]}
Kf7 {[%clk 00:43:04]} {[%emt 00:00:11]} 38. Ke1 {[%clk 00:29:02]} {[%emt
00:00:21]} Nc2+ {[%clk 00:43:01]} {[%emt 00:00:09]} 39. Kd2 {[%clk 00:28:26]}
{[%emt 00:00:40]} Nxa3 {[%clk 00:42:53]} {[%emt 00:00:15]} 40. Kc3 {[%clk
00:27:55]} {[%emt 00:00:35]} Nb5+ {[%clk 00:42:45]} {[%emt 00:00:13]} 41. Kb2
{[%clk 00:27:19]} {[%emt 00:00:41]} Ke6 {[%clk 00:42:22]} {[%emt 00:00:29]} 42.
Nc4 {[%clk 00:26:52]} {[%emt 00:00:31]} Kd5 {[%clk 00:42:08]} {[%emt 00:00:19]}
43. Ne3+ {[%clk 00:25:36]} {[%emt 00:01:20]} Kxc5 {[%clk 00:41:59]} {[%emt
00:00:16]} 44. Nf5 {[%clk 00:25:30]} {[%emt 00:00:10]} a3+ {[%clk 00:41:57]}
{[%emt 00:00:08]} 45. Kb3 {[%clk 00:25:09]} {[%emt 00:00:25]} Nd4+ {[%clk
00:41:56]} {[%emt 00:00:06]} 46. Nxd4 {[%clk 00:24:07]} {[%emt 00:01:06]} Kxd4
{[%clk 00:41:52]} {[%emt 00:00:10]} 47. Kxa3 {[%clk 00:23:57]} {[%emt
00:00:16]} Kc3 {[%clk 00:41:48]} {[%emt 00:00:08]} 48. g4 {[%clk 00:23:44]}
{[%emt 00:00:17]} Kd3 {[%clk 00:41:38]} {[%emt 00:00:15]} 49. f4 {[%clk
00:23:27]} {[%emt 00:00:23]} c5 {[%clk 00:41:32]} {[%emt 00:00:11]} 50. h4
{[%clk 00:23:22]} {[%emt 00:00:10]} c4 {[%clk 00:41:31]} {[%emt 00:00:07]} 51.
g5 {[%clk 00:22:58]} {[%emt 00:00:28]} h5 {[%clk 00:41:20]} {[%emt 00:00:16]}
52. f5 {[%clk 00:22:23]} {[%emt 00:00:40]} c3 {[%clk 00:41:18]} {[%emt
00:00:08]} 53. f6 {[%clk 00:22:21]} {[%emt 00:00:07]} gxf6 {[%clk 00:41:16]}
{[%emt 00:00:07]} 54. gxf6 {[%clk 00:21:23]} {[%emt 00:01:01]} c2 {[%clk
00:41:10]} {[%emt 00:00:12]} 55. f7 {[%clk 00:16:36]} {[%emt 00:04:51]} c1=Q+
{[%clk 00:40:58]} {[%emt 00:00:18]} 56. Kb4 {[%emt 00:01:18]} Qc4+ {[%emt
00:00:22]} 57. Ka3 {[%emt 00:00:18]} Qxf7 {[%emt 00:00:13]} 58. Kb4 {[%clk
00:16:16]} {[%emt 00:00:12]} Qe7+ {[%clk 00:40:49]} {[%emt 00:00:51]} 59. Ka4
{[%clk 00:15:55]} {[%emt 00:00:26]} Qxh4+ {[%clk 00:40:31]} {[%emt 00:00:23]}
60. Kb3 {[%clk 00:15:47]} {[%emt 00:00:14]} Qc4+ {[%clk 00:40:18]} {[%emt
00:00:18]} 61. Ka3 {[%clk 00:13:41]} {[%emt 00:02:11]} Qb5 {[%clk 00:40:10]}
{[%emt 00:00:12]} 62. Ka2 {[%clk 00:13:28]} {[%emt 00:00:19]} Kc2 {[%clk
00:40:07]} {[%emt 00:00:09]} 63. Ka1 {[%clk 00:13:24]} {[%emt 00:00:08]} Qb2#
{[%clk 00:40:10]} {[%emt 00:00:02]} 0-1

[Event "DVM U10 2023"]
[Site "Magdeburg GER"]
[Date "2023.12.28"]
[Round "5"]
[White "Liu, Eason"]
[Black "Wengler, Linus"]
[Result "0-1"]
[Termination "normal"]
[Board "6.4"]
[WhiteElo "952"]
[BlackElo "777"]
[WhiteClock "00:41:41"]
[BlackClock "00:34:11"]
[WhiteTeam "Karlsruher SF 1853"]
[BlackTeam "Hamburger SK 1830"]
[PlyCount "108"]
[WhiteFideId "34694250"]
[EventCountry "GER"]
[EventRounds "7"]
[EventType "team-swiss"]
[EventDate "2023.12.27"]

1. e4 {[%clk 00:55:10]} {[%emt 00:04:01]} e5 {[%clk 00:55:09]} {[%emt
00:00:01]} 2. Nf3 {[%clk 00:55:10]} {[%emt 00:00:05]} Nc6 {[%clk 00:55:00]}
{[%emt 00:00:14]} 3. Bc4 {[%clk 00:55:08]} {[%emt 00:00:07]} Nf6 {[%clk
00:54:43]} {[%emt 00:00:20]} 4. Nc3 {[%clk 00:55:04]} {[%emt 00:00:11]} d6
{[%clk 00:54:13]} {[%emt 00:00:35]} 5. d3 {[%clk 00:54:39]} {[%emt 00:00:30]}
h6 {[%clk 00:54:10]} {[%emt 00:00:08]} 6. a3 {[%clk 00:54:38]} {[%emt
00:00:06]} Bg4 {[%emt 00:00:56]} 7. h3 {[%clk 00:54:08]} {[%emt 00:00:05]} Bxf3
{[%clk 00:53:32]} {[%emt 00:00:21]} 8. gxf3 {[%clk 00:54:01]} {[%emt 00:00:12]}
Be7 {[%clk 00:53:08]} {[%emt 00:00:27]} 9. f4 {[%clk 00:54:03]} {[%emt
00:00:05]} O-O {[%clk 00:52:40]} {[%emt 00:00:34]} 10. Be3 {[%clk 00:53:49]}
{[%emt 00:00:19]} a6 {[%clk 00:52:06]} {[%emt 00:00:39]} 11. Nd5 {[%clk
00:53:34]} {[%emt 00:00:21]} Qd7 {[%clk 00:50:38]} {[%emt 00:01:31]} 12. Nxf6+
{[%clk 00:53:02]} {[%emt 00:00:47]} Bxf6 {[%clk 00:50:26]} {[%emt 00:00:18]}
13. Bd5 {[%clk 00:52:48]} {[%emt 00:00:19]} exf4 {[%clk 00:49:53]} {[%emt
00:00:37]} 14. Bxf4 {[%clk 00:52:47]} {[%emt 00:00:07]} Bxb2 {[%clk 00:49:31]}
{[%emt 00:00:25]} 15. Rb1 {[%clk 00:52:46]} {[%emt 00:00:08]} Bxa3 {[%clk
00:48:44]} {[%emt 00:00:52]} 16. Qg4 {[%clk 00:52:23]} {[%emt 00:00:27]} Qxg4
17. hxg4 {[%clk 00:52:20]} Rab8 {[%clk 00:48:05]} {[%emt 00:00:22]} 18. Rb3
{[%clk 00:52:17]} {[%emt 00:00:09]} Bb4+ {[%clk 00:47:50]} {[%emt 00:00:18]}
19. Kd1 {[%clk 00:51:56]} {[%emt 00:00:29]} Ba5 {[%clk 00:47:19]} {[%emt
00:00:34]} 20. Rg1 {[%clk 00:51:29]} {[%emt 00:00:34]} Bb6 {[%clk 00:46:50]}
{[%emt 00:00:35]} 21. Ke2 {[%clk 00:50:45]} {[%emt 00:00:48]} Nd4+ {[%clk
00:46:33]} {[%emt 00:00:21]} 22. Ke1 {[%clk 00:50:25]} {[%emt 00:00:25]} Nxb3
{[%clk 00:46:26]} {[%emt 00:00:13]} 23. g5 {[%clk 00:50:17]} {[%emt 00:00:12]}
hxg5 {[%clk 00:46:11]} {[%emt 00:00:21]} 24. Rxg5 {[%clk 00:50:08]} {[%emt
00:00:15]} g6 {[%clk 00:45:57]} {[%emt 00:00:18]} 25. Bxb3 {[%clk 00:50:10]}
{[%emt 00:00:04]} Ba5+ {[%clk 00:45:33]} {[%emt 00:00:28]} 26. Ke2 {[%clk
00:50:05]} {[%emt 00:00:10]} Kg7 {[%clk 00:45:06]} {[%emt 00:00:31]} 27. e5
{[%clk 00:50:00]} {[%emt 00:00:11]} dxe5 {[%clk 00:44:48]} {[%emt 00:00:23]}
28. Bxe5+ {[%clk 00:49:58]} {[%emt 00:00:06]} Kg8 {[%clk 00:44:24]} {[%emt
00:00:29]} 29. Rxg6+ {[%clk 00:49:58]} {[%emt 00:00:05]} Kh7 {[%clk 00:43:55]}
{[%emt 00:00:34]} 30. Rg5 {[%clk 00:49:50]} {[%emt 00:00:14]} f6 {[%clk
00:42:44]} {[%emt 00:01:15]} 31. Rh5+ {[%clk 00:49:17]} {[%emt 00:00:36]} Kg6
{[%clk 00:42:24]} {[%emt 00:00:25]} 32. Rh3 {[%clk 00:48:52]} {[%emt 00:00:32]}
fxe5 {[%clk 00:42:12]} {[%emt 00:00:18]} 33. Rg3+ {[%clk 00:48:41]} {[%emt
00:00:15]} Kf6 {[%clk 00:41:33]} {[%emt 00:00:43]} 34. Rf3+ {[%clk 00:48:36]}
{[%emt 00:00:12]} Ke7 {[%clk 00:41:14]} {[%emt 00:00:22]} 35. Re3 {[%clk
00:48:23]} {[%emt 00:00:16]} Kd6 {[%clk 00:40:52]} {[%emt 00:00:29]} 36. Rg3
{[%clk 00:48:03]} {[%emt 00:00:24]} Bb6 {[%clk 00:40:44]} {[%emt 00:00:16]} 37.
Rg6+ {[%clk 00:47:35]} {[%emt 00:00:32]} Ke7 {[%clk 00:40:21]} {[%emt
00:00:28]} 38. f3 {[%clk 00:47:31]} {[%emt 00:00:10]} Bc5 {[%clk 00:39:33]}
{[%emt 00:00:52]} 39. Re6+ {[%clk 00:47:17]} {[%emt 00:00:20]} Kd7 {[%clk
00:38:51]} {[%emt 00:00:45]} 40. Rxe5 {[%clk 00:47:10]} {[%emt 00:00:14]} Bd6
{[%clk 00:38:30]} {[%emt 00:00:25]} 41. Rd5 {[%clk 00:46:15]} {[%emt 00:01:00]}
Rfe8+ {[%clk 00:38:15]} {[%emt 00:00:21]} 42. Kd2 {[%clk 00:46:09]} {[%emt
00:00:12]} Re7 {[%clk 00:37:50]} {[%emt 00:00:29]} 43. Ba4+ {[%clk 00:45:24]}
{[%emt 00:00:51]} b5 {[%clk 00:37:34]} {[%emt 00:00:20]} 44. Bb3 {[%clk
00:45:27]} {[%emt 00:00:02]} c6 {[%clk 00:37:08]} {[%emt 00:00:30]} 45. Rd4
{[%clk 00:45:04]} {[%emt 00:00:27]} Rbe8 {[%clk 00:36:52]} {[%emt 00:00:23]}
46. Kc3 {[%clk 00:44:31]} {[%emt 00:00:38]} Re3 {[%clk 00:35:51]} {[%emt
00:01:02]} 47. Bf7 {[%clk 00:44:24]} {[%emt 00:00:15]} R8e7 {[%clk 00:35:33]}
{[%emt 00:00:22]} 48. Bh5 {[%clk 00:44:20]} {[%emt 00:00:11]} c5 {[%clk
00:35:19]} {[%emt 00:00:15]} 49. Bg4+ {[%clk 00:44:11]} {[%emt 00:00:17]} Kc6
{[%clk 00:34:56]} {[%emt 00:00:28]} 50. Rf4 {[%clk 00:43:56]} {[%emt 00:00:21]}
Bxf4 {[%clk 00:34:42]} {[%emt 00:00:18]} 51. Bf5 {[%clk 00:42:28]} {[%emt
00:01:32]} b4+ {[%clk 00:34:35]} {[%emt 00:00:13]} 52. Kb2 {[%clk 00:41:50]}
{[%emt 00:00:56]} Be5+ {[%clk 00:34:25]} {[%emt 00:00:11]} 53. Kc1 {[%clk
00:41:42]} {[%emt 00:00:14]} Re1+ {[%clk 00:34:11]} {[%emt 00:00:18]} 54. Kd2
{[%clk 00:41:41]} {[%emt 00:00:07]} Bc3# {[%emt 00:01:35]} 0-1